1238 1238 1935 1535 1845 1513 1318 1778 1031 1492 1570 1734 1700 1474 1143 1946 1209 1009 1767 1435 1689 1062 1102 1624 1591 1780 1905 2000 1600 1049 1413 1124 1180 1767 1678 1559 1148 1374 1461 1383 1113 1213 1676 1623 1687 1019 1668 1722 1277 1795 1690 1322 1975 1088 1694 1488 1635 1827 1914 1587 1121 1701 1750 1638 1912 1982 1787 1439 2000 1197 2000 1501 1386 1946 1777 1902 1138 1688 1025 1915 1759 1537 1199 1306 1504 1892 1189 1137 1721 1877 1615 1395 1380 1641 1408 1342 1451 1712 1856 BCNSPRNW ULIB Ver.6.0+V

เปลี่ยนเป็นภาษาไทย

Change to English
 แสดงรายละเอียดบรรณานุกรม
  กลับหน้าหลัก

Brief Record : Get Marc (ISO 2709) : E-mail record : QR code < ปิดหน้าต่าง
LEADER : 00000nam 2200000uu 4500
001    13399114430
003     ULIB
008    110627s||||||||th 000 0 tha d
020    9747053756
098    นว.^bม162ม
100 0  มนันยา
245 00 ไม่เด็ดก็ไม่ขาด/^cมนันยา
250    พิมพ์ครั้งที่ 5
260    กรุงเทพฯ :^bสามสี,^c2540
300    255 หน้า
710 1  สามสี
945    ^p90^l0^i031540
995    ทศพร
999 ^a ใช้งานได้ทุกระบบ
รายการนี้ยังไม่มีแท็ก
คุณยังไม่ได้ล็อกอิน คุณสามารถมีกิจกรรมร่วมกับเว็บไซต์ได้ แต่ต้องล็อกอินก่อน ::
  ล็อกอิน

รายการสื่อสารสนเทศ

ลำดับที่ ประเภท เลขเรียก/บาร์โค้ด สถานที่ สถานะ
1. นวนิยาย
นวนิยาย
 ฉ.1 
  Barcode: 031540
ห้องสมุดวิทยาเขตสวรรค์ประชารักษ์
►นวนิยาย
บนชั้น
  ขอยืม

รายการใกล้เคียง
    ผู้แต่ง [มนันยา]

BibComment


ยังไม่เคยถูกคอมเมนท์

คอมเมนท์ทรัพยากรรายการนี้
  คอมเมนท์: ไม่เด็ดก็ไม่ขาด ม..


 Copyright 2026. Bcnsprnw @Library